[Event "Sada Coruna op"]
[Site "Sada"]
[Date "2022.09.05"]
[Round "3"]
[White "Kratz, Jonathan"]
[Black "Starostits, Ilmars"]
[Result "0-1"]
[WhiteElo "1480"]
[BlackElo "2400"]
[PlyCount "78"]
[EventDate "2022.09.04"]
[EventType "swiss"]
[EventRounds "9"]
[EventCountry "ESP"]
[SourceTitle "CBM 210 Extra"]
[Source "ChessBase"]
[SourceDate "2022.11.30"]
[SourceVersion "1"]
[SourceVersionDate "2022.11.30"]
[SourceQuality "1"]

1. d4 Nf6 2. c4 e6 3. Nc3 Bb4 4. e3 0-0 5. Nge2 b6 6. a3 Be7 7. e4 c5 8. d5 exd5 9. cxd5 d6 10. Ng3 a6 11. a4 Re8 12. Be2 Bf8 13. 0-0 g6 14. h4 Nbd7 15. h5 Ne5 16. Bg5 h6 17. Bxf6 Qxf6 18. f4 Qh4 19. fxe5 Qxg3 20. hxg6 Rxe5 21. gxf7+ Kg7 22. Qe1 Qxe1 23. Raxe1 Ra7 24. Rf4 Rxf7 25. Rxf7+ Kxf7 26. Bd3 Bg7 27. Nd1 Rg5 28. Kf1 Bd4 29. b3 Rg3 30. Bc2 a5 31. Nf2 Ba6+ 32. Kg1 h5 33. Rd1 Rc3 34. Rxd4 cxd4 35. Bd1 h4 36. Kh2 Ke7 37. Nh3 d3 38. g3 Rc2+ 39. Kg1 Rc1 0-1